000 01483nam0a2200349 4500
001 RU\NLR\bibl\512353
005 20260407071105.0
021 _aRU
_b2003-66991
_93303
035 _aRSL-KNO-002385960
035 _a(NLR Aleph) 000504838
090 _a1196334
_c1196334
100 _a20031201d2003 |||y0rusy50 ca
101 0 _arus
102 _aRU
105 _aa |||||||||
106 _ar
200 1 _aЭлектромонтажные изделия
_eСправочник
_fЗ-д электромонтаж. изделий "СЭТ"
_g[Сост. : Бодосов С.М. и др.]
205 _aОфиц. изд.
210 _aСПб.
_cЗ-д "СЭТ"
_d2003
_eООО ИПК Бионт
215 _a121 с.
_cил., табл.
_d24
606 0 _aЭлектромонтажные изделия
_jСправочники
_91795756
_3RU\NLR\auth\661102434
610 0 _aоборудование для трансформаторных подстанций
_aнизковольтное оборудование
_aустройства щитовые
686 _aЗ264.35я22
_2rubbk
686 _aЗ29-5-081-3я22
701 1 _aБодосов
_bС. М.
_4220
712 0 2 _4570
_a"СЭТ", завод электромонтажных изделий
_cСанкт-Петербург
_3RU\NLR\AUTH\8810034641
_9567584
801 0 _aRU
_bRuMoRKP
_c20031201
_gPSBO
801 1 _aRU
_bRuMoRKP
_c20031201
801 2 _aRU
_bNLR
_c20040416
_gPSBO
942 _cBOOK
980 _aNB